Normal view
MARC view
Entry Topical Term
001 - CONTROL NUMBER
- control field: 65761
003 - CONTROL NUMBER IDENTIFIER
- control field: OSt
005 - DATE AND TIME OF LATEST TRANSACTION
- control field: 20260127104715.0
008 - FIXED-LENGTH DATA ELEMENTS
- fixed length control field: 260127|| aca||aabn | a|a d
040 ## - CATALOGING SOURCE
- Original cataloging agency: OSt
- Transcribing agency: OSt
150 ## - HEADING--TOPICAL TERM
- Topical term or geographic name entry element: History
- General subdivision: King Badom and King Mindon Achievements
670 ## - SOURCE DATA FOUND
- Source citation: Work cat.: (OSt): Yi Yi Win. 4 PhD-His_15 65760, Comparative Study of King Badon and Mindon Achievements, May 2013.